[Event "Titled Tue 1st Jul Late"]
[Site "chess.com INT"]
[Date "2025.07.01"]
[Round "8"]
[White "Zakin, Ilay"]
[Black "Ragger, Markus"]
[Result "0-1"]
[WhiteTitle "FM"]
[BlackTitle "GM"]
[WhiteElo "2300"]
[BlackElo "2566"]
[WhiteFideId "2848279"]
[BlackFideId "1610856"]
[EventDate "2025.07.01"]

1. e4 e5 2. Nf3 Nc6 3. Bb5 a6 4. Ba4 Bc5 5. Nc3 Nge7 6. d3 O-O 7. O-O d6 8. h3
b5 9. Bb3 Na5 10. Be3 Nxb3 11. axb3 Bxe3 12. fxe3 Bd7 13. d4 Ng6 14. Qd2 Bc6 15.
Rad1 Qe7 16. Rfe1 b4 17. Nd5 Bxd5 18. exd5 e4 19. Nh2 a5 20. Rf1 f5 21. c3 Rab8
22. Rc1 Qg5 23. Rf2 h5 24. c4 f4 25. Nf1 f3 26. g3 Nh4 27. Kh2 Nf5 28. Ra1 Rf6
29. Qe1 Re8 30. Rxa5 h4 31. g4 Nxd4 32. Qxb4 Qe5+ 33. Kh1 Ne2 34. Qd2 Rb8 35. b4
Rff8 36. b5 Ra8 37. b4 Rxa5 38. bxa5 Qa1 39. a6 Rb8 40. Qc2 Re8 41. Kh2 Qe5+ 42.
Kh1 Qa1 43. Kh2 Qe5+ 44. Kh1 Rb8 45. Rxe2 fxe2 46. Qxe2 Qa1 47. Kg2 Rf8 48. Nd2
Qe5 49. Nf1 Qa1 50. Nd2 Qa2 51. Kg1 Rf3 52. a7 Rg3+ 53. Kh2 Qxa7 54. Nxe4 Rxe3
55. Qf2 Qd4 56. Nd2 Rxh3+ 57. Kg2 Rh2+ 58. Kxh2 Qxf2+ 59. Kh3 Qxd2 60. Kxh4 Qf2+
61. Kg5 Qf6+ 62. Kh5 Qh6# 0-1

[Event "Titled Tue 1st Jul Late"]
[Site "chess.com INT"]
[Date "2025.07.01"]
[Round "8"]
[White "Jagirapu, Harshin Reddy"]
[Black "Sharankov, Grigory"]
[Result "1-0"]
[BlackTitle "CM"]
[WhiteElo "2042"]
[BlackElo "2238"]
[WhiteFideId "39910679"]
[BlackFideId "4168356"]
[EventDate "2025.07.01"]

1. e4 e6 2. d4 d5 3. Nc3 Nc6 4. Nf3 Nf6 5. e5 Ne4 6. Ne2 f6 7. exf6 Qxf6 8. Ng3
Bd6 9. Bd3 Bxg3 10. hxg3 Bd7 11. c3 O-O-O 12. Bxe4 dxe4 13. Bg5 Qg6 14. Bxd8
exf3 15. Bh4 Qe4+ 16. Kd2 fxg2 17. Re1 Qf5 18. f4 h6 19. Qc2 Qg4 20. Qe4 Rg8 21.
Qh7 Rf8 22. Qe4 Rf5 23. Qxg2 g5 24. Qe2 Qxe2+ 25. Rxe2 gxh4 26. gxh4 Rxf4 27.
Rh1 Ne7 28. h5 Rg4 29. Rhh2 Nf5 30. Reg2 Rxg2+ 31. Rxg2 Kd8 32. Rg8+ Ke7 33. Kd3
Kd6 34. Rg6 b6 35. Rf6 c5 36. dxc5+ bxc5 37. Kc4 Bc6 38. b4 Bd5+ 39. Kb5 cxb4
40. cxb4 Bxa2 41. Rf8 Bd5 42. Rd8+ Kc7 43. Rh8 Kd6 44. Rh7 Nd4+ 45. Ka6 Nc6 46.
b5 Bc4 47. Rxh6 Nd4 48. Kxa7 Bxb5 49. Kb6 Bd3 50. Rh8 Nf5 51. Rd8+ Ke5 52. Rxd3
Kf6 53. Rf3 Kg5 54. Kc6 Kxh5 55. Kd7 e5 56. Rxf5+ 1-0

[Event "Titled Tue 1st Jul Late"]
[Site "chess.com INT"]
[Date "2025.07.01"]
[Round "8"]
[White "Mata Gonzalez, Jose Fernando"]
[Black "Tan, Zhongyi"]
[Result "1/2-1/2"]
[WhiteTitle "CM"]
[BlackTitle "GM"]
[WhiteElo "2164"]
[BlackElo "2546"]
[WhiteFideId "5107423"]
[BlackFideId "8603642"]
[EventDate "2025.07.01"]

1. e4 e5 2. Nf3 Nc6 3. Bc4 Nf6 4. d3 Be7 5. Bb3 O-O 6. c3 d5 7. Qe2 Re8 8. h3 a5
9. Nbd2 b6 10. O-O a4 11. Bc2 Bc5 12. Rd1 d4 13. a3 h6 14. Nf1 Be6 15. g4 Nd7
16. Ng3 Bf8 17. Kh2 Nc5 18. c4 b5 19. cxb5 Na5 20. g5 Ncb3 21. Bxb3 Nxb3 22. Rb1
Nxc1 23. Rbxc1 hxg5 24. Rg1 g4 25. Nxe5 gxh3 26. Qh5 Qf6 27. Ng4 Bxg4 28. Qxg4
Qxf2+ 29. Kxh3 Re6 30. Nf5 Rg6 31. Rg2 Qxg2+ 32. Qxg2 Rxg2 33. Kxg2 Rb8 34. Nxd4
Bd6 35. Rc2 Rb7 36. Kf3 f6 37. Rc4 Be5 38. Rxa4 Bxd4 39. Rxd4 Rxb5 40. b4 Rb7
41. Rc4 Ra7 42. Rc3 Kf7 43. d4 Ke6 44. Kf4 g6 45. d5+ Ke7 46. Ke3 Kd6 47. Kd4
Ra6 48. Rc6+ Rxc6 49. dxc6 Kxc6 50. a4 g5 51. Ke3 Kb6 52. Kf3 c5 53. bxc5+ Kxc5
54. Kg4 Kb4 55. e5 fxe5 56. Kxg5 Kxa4 57. Kf5 Kb4 58. Kxe5 1/2-1/2

[Event "Titled Tue 1st Jul Late"]
[Site "chess.com INT"]
[Date "2025.07.01"]
[Round "8"]
[White "Abraham, John Z"]
[Black "Stevik, Patrik"]
[Result "0-1"]
[BlackTitle "FM"]
[WhiteElo "2108"]
[BlackElo "2314"]
[WhiteFideId "30987318"]
[BlackFideId "14944812"]
[EventDate "2025.07.01"]

1. d4 Nf6 2. c4 e6 3. g3 Bb4+ 4. Bd2 a5 5. Bg2 O-O 6. Nf3 d5 7. Qc2 dxc4 8. Qxc4
Nbd7 9. Bxb4 Nb6 10. Qb3 axb4 11. Qxb4 Bd7 12. O-O Bc6 13. Nc3 Ne4 14. Nxe4 Bxe4
15. a4 Nd5 16. Qd2 h6 17. Ne5 Bxg2 18. Kxg2 Qd6 19. e4 Ne7 20. Rfc1 c6 21. b4
Rfd8 22. Nf3 Ng6 23. Qc3 h5 24. Qc5 h4 25. a5 Qd7 26. Rc4 e5 27. Nxe5 h3+ 28.
Kg1 Qe6 29. Nxg6 Qxg6 30. Re1 Re8 31. e5 Rad8 32. a6 Rd5 33. Qb6 Qg4 34. Rc3
bxa6 35. Qxc6 Red8 36. Qxa6 Rxd4 37. b5 Rd1 38. Re3 Qf3 39. Qc6 Qxe3 40. fxe3
Rxe1+ 41. Kf2 Red1 42. b6 R1d2+ 43. Kf3 Rxh2 44. Qc7 Rf8 45. b7 Rb2 46. Kg4 h2
47. Qc1 Rxb7 48. Kh3 Re7 49. Kxh2 Rxe5 50. Kg2 Rfe8 51. Qc6 Rxe3 52. Qd5 R8e6
53. Qd8+ Re8 54. Qd4 g6 55. Qd5 Re2+ 56. Kh3 R8e5 57. Qd7 Rf2 58. Qd4 Rh5+ 59.
Qh4 Rxh4+ 60. gxh4 Kg7 61. Kg3 Ra2 62. Kg4 Ra4+ 63. Kg3 Kh6 64. Kh3 Kh5 65. Kg3
Ra3+ 66. Kf4 Kxh4 67. Ke5 f5 68. Kd6 f4 69. Kc7 f3 70. Kd8 f2 71. Ke8 g5 72. Kf8
g4 73. Kg8 g3 74. Kh8 g2 75. Kg7 Kg5 76. Kf8 Ra7 77. Ke8 f1=Q 78. Kd8 g1=Q 79.
Kc8 Rh7 80. Kd8 Qb6+ 81. Ke8 Qf7# 0-1

[Event "Titled Tue 1st Jul Late"]
[Site "chess.com INT"]
[Date "2025.07.01"]
[Round "8"]
[White "Nguyen, Ngoc Truong Son"]
[Black "Moussard, Jules"]
[Result "1-0"]
[WhiteTitle "GM"]
[BlackTitle "GM"]
[WhiteElo "2600"]
[BlackElo "2597"]
[WhiteFideId "12401110"]
[BlackFideId "642908"]
[EventDate "2025.07.01"]

1. e4 c5 2. c3 Nf6 3. e5 Nd5 4. Nf3 d6 5. exd6 e6 6. Na3 Bxd6 7. Nc4 Be7 8. d4
Nc6 9. dxc5 Bxc5 10. b4 Be7 11. Bd2 Bf6 12. Rc1 O-O 13. b5 Nce7 14. Nce5 Ng6 15.
Nxg6 hxg6 16. c4 Ne7 17. Bb4 Qc7 18. Be2 Rd8 19. Qb3 e5 20. O-O Nf5 21. Bd3 a5
22. Ba3 Be6 23. Be4 Nd6 24. b6 Qc8 25. Bxd6 Rxd6 26. Qe3 Rd8 27. c5 Bd5 28. Rfd1
Qc6 29. Bxd5 Rxd5 30. Rxd5 Qxd5 31. c6 bxc6 32. b7 Rb8 33. Qa7 Qd6 34. g3 e4 35.
Nd2 Rxb7 36. Qxb7 Qxd2 37. Qxc6 Bd4 38. Qc8+ Kh7 39. Qh3+ Qh6 40. Qxh6+ gxh6 41.
Rc4 Bb2 42. Rxe4 Kg7 43. Rc4 h5 44. a4 Ba3 45. Kg2 g5 46. Rd4 Kg6 47. Rd5 Bb4
48. f4 f6 49. f5+ Kf7 50. Kf3 Ke7 51. h3 Kf7 52. g4 hxg4+ 53. hxg4 Ke7 54. Ke4
Bc3 55. Kd3 Bb4 56. Kc4 Be1 57. Kb5 Bb4 58. Kb6 Kf7 59. Rxa5 Bxa5+ 1-0

[Event "Titled Tue 1st Jul Late"]
[Site "chess.com INT"]
[Date "2025.07.01"]
[Round "8"]
[White "Moroni, Luca Jr"]
[Black "Hansen, Eric"]
[Result "1/2-1/2"]
[WhiteTitle "GM"]
[BlackTitle "GM"]
[WhiteElo "2549"]
[BlackElo "2609"]
[WhiteFideId "865834"]
[BlackFideId "2606771"]
[EventDate "2025.07.01"]

1. c4 Nf6 2. Nc3 c5 3. g3 d5 4. cxd5 Nxd5 5. Bg2 e6 6. Nf3 Nc6 7. O-O Be7 8.
Nxd5 Qxd5 9. d4 O-O 10. Ne5 Qxd4 11. Nxc6 bxc6 12. Qc2 Ba6 13. Bxc6 Rac8 14. Bf3
Rfd8 15. Be3 Qb4 16. Rfd1 h6 17. Rac1 Rxd1+ 18. Rxd1 Bf6 19. b3 Bb5 20. Bd2 Qa3
21. Bc1 Qb4 22. Bd2 Qa3 23. Bc1 Qb4 24. a3 Qa5 25. Bb2 Bxb2 26. Qxb2 c4 27. bxc4
Rxc4 28. h4 a6 29. Kg2 Qc7 30. Qd2 Bc6 31. Qd8+ Qxd8 32. Rxd8+ Kh7 33. Bxc6 Rxc6
34. Rd7 Kg6 35. Ra7 Kf6 36. e3 h5 37. Kf3 Rb6 38. g4 hxg4+ 39. Kxg4 g6 40. Kg3
Rc6 41. Kg4 Rb6 42. h5 gxh5+ 43. Kxh5 Rb5+ 44. Kg4 Ra5 45. f4 Rxa3 46. e4 Ra4
47. e5+ Kg6 48. Ra8 Kg7 49. Ra7 Ra1 50. Kf3 Kg6 51. Kg4 Rg1+ 52. Kf3 Ra1 53. Kg4
Ra3 54. Ra8 Kg7 55. Ra7 a5 56. f5 exf5+ 57. Kf4 Ra4+ 58. Kxf5 Ra1 59. e6 Rf1+
60. Kg4 Kf8 61. exf7 Rxf7 62. Rxa5 Kg7 63. Rg5+ Kf8 64. Rf5 Rxf5 65. Kxf5 1/2-1/2

[Event "Titled Tue 1st Jul Late"]
[Site "chess.com INT"]
[Date "2025.07.01"]
[Round "8"]
[White "Aalto, Patrik"]
[Black "Marcziter, Dmitrii"]
[Result "1-0"]
[WhiteTitle "FM"]
[BlackTitle "FM"]
[WhiteElo "2316"]
[BlackElo "2208"]
[WhiteFideId "510726"]
[BlackFideId "13900765"]
[EventDate "2025.07.01"]

1. c4 e5 2. g3 d6 3. Bg2 f5 4. Nc3 Nf6 5. b4 Be7 6. Rb1 O-O 7. d3 Kh8 8. e3 Qe8
9. Nge2 Qh5 10. O-O c6 11. b5 f4 12. exf4 Bh3 13. fxe5 dxe5 14. Nf4 Qxd1 15.
Rxd1 Bxg2 16. Nxg2 Ng4 17. Be3 Nxe3 18. Nxe3 Bc5 19. Ne4 Bd4 20. Nd6 b6 21. Ndf5
Bc5 22. d4 exd4 23. Nxd4 cxb5 24. Ne6 Rc8 25. Nc7 Nc6 26. Nxa8 Rxa8 27. cxb5 Nd4
28. Kg2 Rf8 29. Rb2 h6 30. Rbd2 Ne6 31. Nc4 Kh7 32. Ne5 Rf5 33. Nc6 Nc7 34. a4
a5 35. Rc2 Ne6 36. f3 Ng5 37. Rd3 h5 38. Re2 h4 39. gxh4 Nf7 40. Re6 Rf4 41. Ne5
Nh6 42. Nd7 Bd4 43. Nxb6 Bxb6 44. Rxb6 Rxa4 45. Ra6 Nf5 46. b6 Nxh4+ 47. Kf2 Nf5
48. b7 Rb4 49. Rd7 a4 50. Ra8 Rb2+ 51. Kf1 Ne3+ 52. Ke1 Ng2+ 53. Kd1 Ne3+ 54.
Kc1 Rc2+ 55. Kb1 a3 56. b8=Q a2+ 57. Rxa2 Rxa2 58. Kxa2 Nc4 59. Qb1+ Kh6 60. Qd3
Ne5 61. Qd6+ Ng6 62. Qxg6+ Kxg6 63. Kb3 Kf6 64. Kc3 Ke6 65. Rxg7 Kf5 66. Rg4 Ke5
67. Kd3 Ke6 68. Ke3 Kf6 69. Kf2 Ke7 70. Kg3 Kd6 71. h4 Kc5 72. h5 Kd5 73. h6 Ke5
74. h7 Kd6 75. h8=Q Kc6 76. Qe5 Kb6 77. Rg6+ Kb7 78. Qe7+ Kc8 79. Rg8# 1-0

[Event "Titled Tue 1st Jul Late"]
[Site "chess.com INT"]
[Date "2025.07.01"]
[Round "8"]
[White "Rogov, Matfey"]
[Black "Tikhonov, Viacheslav"]
[Result "0-1"]
[WhiteTitle "FM"]
[BlackTitle "CM"]
[WhiteElo "2348"]
[BlackElo "2183"]
[WhiteFideId "44191308"]
[BlackFideId "44196407"]
[EventDate "2025.07.01"]

1. e4 c5 2. Nf3 Nc6 3. b4 e6 4. bxc5 Bxc5 5. d4 Bb4+ 6. c3 Ba5 7. d5 Nce7 8. Bc4
exd5 9. exd5 d6 10. O-O h6 11. Re1 Nf6 12. Qe2 Kf8 13. Bd2 Bg4 14. h3 Bh5 15.
Na3 Rc8 16. Rac1 a6 17. Bb3 Nexd5 18. g4 Bg6 19. c4 Nb4 20. Nd4 Nc6 21. Qe3 Bb6
22. Bc3 Nxd4 23. Bxd4 Bxd4 24. Qxd4 Kg8 25. Rcd1 Kh7 26. h4 h5 27. g5 Ng4 28.
Bc2 Re8 29. Bxg6+ fxg6 30. Kg2 Rf8 31. f3 Ne5 32. Re3 Qc7 33. Rb1 b6 34. Qxb6
Qf7 35. Qxd6 Ng4 36. Rd3 Rcd8 37. Qg3 Rxd3 38. Rf1 Rd2+ 39. Kg1 Ne3 40. Nc2 Rg2+
41. Qxg2 Nxg2 42. Kxg2 Qf5 43. Ne3 Qf4 44. Nd5 Qxh4 45. f4 Qg4+ 46. Kh2 Re8 47.
Rf2 Re2 48. Rxe2 Qxe2+ 49. Kg3 Qxa2 50. f5 gxf5 51. Ne7 g6 52. Kf4 Qf2+ 53. Ke5
Qe2+ 54. Kf6 Qxc4 55. Ke5 Qe2+ 56. Kf6 Qxe7+ 57. Kxe7 f4 58. Kf6 f3 59. Ke7 f2
60. Kf7 f1=Q+ 61. Ke7 Qe1+ 62. Kf6 h4 63. Kf7 h3 64. Kf6 h2 0-1

[Event "Titled Tue 1st Jul Late"]
[Site "chess.com INT"]
[Date "2025.07.01"]
[Round "8"]
[White "Zhukovskyi, Oleksandr"]
[Black "Storey, Charles H"]
[Result "1-0"]
[WhiteTitle "CM"]
[BlackTitle "FM"]
[WhiteElo "2145"]
[BlackElo "2102"]
[WhiteFideId "14169371"]
[BlackFideId "406686"]
[EventDate "2025.07.01"]

1. e4 g6 2. d4 Bg7 3. Nc3 c5 4. dxc5 Bxc3+ 5. bxc3 Nf6 6. Bd3 Qa5 7. Ne2 Qxc5 8.
Be3 Qc7 9. Qd2 h5 10. Nd4 a6 11. f3 d6 12. O-O Nbd7 13. Be2 Ne5 14. c4 Bd7 15.
Qc3 O-O 16. Nb3 b6 17. Bd4 Rfc8 18. f4 Nxc4 19. Bxf6 exf6 20. Qxf6 Ne3 21. Rf3
Ng4 22. Qd4 Bb5 23. c4 Bxc4 24. Rc1 b5 25. h3 Nh6 26. Rfc3 d5 27. exd5 Nf5 28.
Qf2 Nd6 29. Nd4 Qb6 30. Nc6 Qxf2+ 31. Kxf2 Kf8 32. Bxc4 Nxc4 33. Kf3 Rc7 34. Rd3
Nd6 35. Re1 Rac8 36. Ne5 Rc3 37. Nd7+ Kg7 38. Ree3 Rxd3 39. Rxd3 Nc4 40. Ne5 Nd6
41. g4 hxg4+ 42. hxg4 Rc2 43. a3 Ra2 44. Nc6 f5 45. g5 Kf8 46. Re3 Ne4 47. Rd3
Rf2+ 48. Ke3 Rc2 49. Kd4 Rc4+ 50. Ke5 Nc5 51. Rh3 Kg7 52. d6 Re4+ 53. Kd5 Nd7
54. Ne5 Nf8 55. d7 Nxd7 56. Nxd7 Rxf4 57. Ne5 Ra4 58. Rc3 1-0

[Event "Titled Tue 1st Jul Late"]
[Site "chess.com INT"]
[Date "2025.07.01"]
[Round "8"]
[White "Plichta, Kamil"]
[Black "Mardov, Dimitar"]
[Result "0-1"]
[WhiteTitle "FM"]
[BlackTitle "IM"]
[WhiteElo "2361"]
[BlackElo "2506"]
[WhiteFideId "1141830"]
[BlackFideId "30919495"]
[EventDate "2025.07.01"]

1. Nf3 Nf6 2. g3 b6 3. Bg2 Bb7 4. O-O g6 5. d3 Bg7 6. e4 d6 7. Re1 O-O 8. a4 a5
9. Nbd2 e5 10. Nc4 Nbd7 11. c3 Re8 12. h3 d5 13. exd5 Nxd5 14. h4 h5 15. Bg5 f6
16. Bd2 Nc5 17. Qc2 Kh7 18. d4 exd4 19. Nxd4 Qd7 20. Bf3 f5 21. Bg2 Rxe1+ 22.
Rxe1 Qxa4 23. b3 Qd7 24. Nf3 Re8 25. Ng5+ Kg8 26. Rd1 Qe7 27. Re1 Qf8 28. Rd1
Qe7 29. Re1 Qf8 30. Rd1 Ba8 31. Be1 Nf6 32. Bxa8 Rxa8 33. b4 axb4 34. cxb4 Nce4
35. Qb3 Nxg5 36. hxg5 Ne4 37. Nxb6+ Kh7 38. Nxa8 Qxa8 39. Qe3 Qa4 40. Rc1 Qd7
41. Qf4 c6 42. b5 cxb5 43. Bb4 Qd5 44. Rc7 Kg8 45. Rc8+ Kh7 46. Rc7 Kg8 47. Rc8+
Kh7 48. Qc1 Qd4 49. Be1 Qd7 50. Rc7 Qd4 51. Kg2 b4 52. f3 Nc3 53. Bf2 Qd6 54.
Qf4 Qxf4 55. gxf4 Nd5 56. Rb7 Nxf4+ 57. Kf1 Ne6 58. Be3 f4 59. Bd2 Nxg5 60. Ke2
Ne6 61. Rxb4 g5 62. Rb6 Nd4+ 63. Kf2 Nf5 0-1

[Event "Titled Tue 1st Jul Late"]
[Site "chess.com INT"]
[Date "2025.07.01"]
[Round "8"]
[White "Goltsev, Dmitry"]
[Black "Vlassov, Nikolai"]
[Result "0-1"]
[WhiteTitle "FM"]
[BlackTitle "IM"]
[WhiteElo "2180"]
[BlackElo "2291"]
[WhiteFideId "24176710"]
[BlackFideId "4103360"]
[EventDate "2025.07.01"]

1. d4 Nf6 2. Nc3 d5 3. Bf4 e6 4. Nb5 Na6 5. e3 Bd7 6. Nf3 Bxb5 7. Bxb5+ c6 8.
Bd3 Nb4 9. Be2 a5 10. c3 Na6 11. O-O Bd6 12. Ne5 O-O 13. Bd3 c5 14. Qf3 Bxe5 15.
Bxe5 c4 16. Bc2 b5 17. Qf4 Nd7 18. Bd6 Re8 19. e4 Qf6 20. Qg3 e5 21. dxe5 Nxe5
22. Bxe5 Qxe5 23. Qxe5 Rxe5 24. f4 Re7 25. exd5 Rd8 26. Rad1 Nc5 27. Rd2 Rd6 28.
Rfd1 g6 29. Kf2 f5 30. Rd4 Kf7 31. a4 Rb7 32. axb5 Rxb5 33. Rxc4 Rxb2 34. Rxc5
Rxc2+ 35. Kf3 a4 36. Ra1 Ra6 37. Ra3 Ke7 38. h3 Kd6 39. Rb5 h5 40. g4 fxg4+ 41.
hxg4 h4 42. f5 gxf5 43. gxf5 h3 44. Kg3 h2 45. Ra1 a3 46. f6 a2 47. f7 Ra8 48.
Re1 Rh8 49. Ra5 Rxc3+ 50. Kg4 Re3 51. Rh1 Re2 52. Kg5 Rf8 53. Ra7 Kxd5 54. Kg6
Rg2+ 55. Kf6 Kc4 56. Ke7 Rh8 57. f8=Q Re2+ 58. Kf7 Rf2+ 59. Ke6 Rhxf8 60. Ke5
Re8+ 61. Kd6 Rd2+ 62. Kc6 Re6+ 0-1

[Event "Titled Tue 1st Jul Late"]
[Site "chess.com INT"]
[Date "2025.07.01"]
[Round "8"]
[White "Garcia Hernandez, Rebeca"]
[Black "Caku, Kler"]
[Result "0-1"]
[WhiteTitle "WCM"]
[BlackTitle "WFM"]
[WhiteElo "1904"]
[BlackElo "2010"]
[WhiteFideId "5180872"]
[BlackFideId "4704703"]
[EventDate "2025.07.01"]

1. Nf3 d5 2. g3 Nf6 3. Bg2 e6 4. O-O c5 5. b3 Be7 6. Bb2 Nc6 7. d4 O-O 8. Nbd2
Qc7 9. c4 b6 10. Rc1 dxc4 11. Nxc4 Bb7 12. dxc5 bxc5 13. Nfe5 Rfd8 14. Qc2 Nb4
15. Qb1 Bxg2 16. Kxg2 Rac8 17. a3 Nc6 18. Nxc6 Qxc6+ 19. Kg1 Qd5 20. Rfd1 Qh5
21. Bxf6 Bxf6 22. Rxd8+ Rxd8 23. Qc2 g6 24. Rd1 Rxd1+ 25. Qxd1 Bd4 26. Qd3 Qd5
27. e3 Bf6 28. Qxd5 exd5 29. Nd2 Bb2 30. a4 Bc1 31. Nf3 Kf8 32. Kf1 Ke7 33. Ke2
Kd6 34. Kd1 Bb2 35. Kc2 Bf6 36. Kd3 Kc6 37. Ne1 Be5 38. Nc2 f5 39. f4 Bf6 40. h3
Bd8 41. g4 fxg4 42. hxg4 h5 43. gxh5 gxh5 44. Ke2 Bf6 45. Kf3 Kb6 46. e4 dxe4+
47. Kxe4 Kc6 48. Kf5 Bd8 49. Ke4 h4 50. Kf3 Kd5 51. Kg4 Ke4 52. Ne1 Kd4 53. Ng2
Kc3 54. Nxh4 Kxb3 55. f5 c4 56. Nf3 c3 57. Nd4+ Kxa4 58. Kf4 Ka3 59. Ke3 Kb2 60.
Kd3 a5 61. Nc2 a4 62. Nd4 Bf6 63. Nc2 a3 64. Ne3 a2 65. Nc2 a1=Q 66. Nxa1 Kxa1
67. Kc2 Ka2 68. Kc1 Kb3 69. Kb1 c2+ 70. Kc1 Bg5# 0-1

[Event "Titled Tue 1st Jul Late"]
[Site "chess.com INT"]
[Date "2025.07.01"]
[Round "8"]
[White "Guha, Eshan"]
[Black "Yazici, Ugur Doga"]
[Result "1-0"]
[BlackTitle "CM"]
[WhiteElo "2071"]
[BlackElo "2161"]
[WhiteFideId "30958628"]
[BlackFideId "6363342"]
[EventDate "2025.07.01"]

1. d4 d5 2. c4 dxc4 3. Nf3 Nf6 4. e3 e6 5. Bxc4 c5 6. O-O a6 7. b3 b5 8. Be2 Bb7
9. Bb2 Be7 10. a4 b4 11. Nbd2 O-O 12. Nc4 Nbd7 13. Nfe5 Ne4 14. f3 Nxe5 15. dxe5
Nc3 16. Bxc3 bxc3 17. Qc2 f6 18. Qxc3 fxe5 19. Qxe5 Bd5 20. Rad1 Bf6 21. Qg3 Qb8
22. e4 Bd4+ 23. Rxd4 cxd4 24. exd5 exd5 25. Qxb8 Raxb8 26. Na5 Rb6 27. Rd1 Re8
28. Kf2 Rbe6 29. Bf1 Re3 30. Rxd4 Rc3 31. Rxd5 Rc2+ 32. Kg3 Re1 33. Bc4 Kf8 34.
Nc6 g6 35. Rd8+ Kg7 36. Nd4 Rb2 37. Ne6+ Kh6 38. Rd7 Rg1 39. Nf4 g5 40. Rd6+ Kg7
41. Ne2 Re1 42. Kf2 Rh1 43. h3 a5 44. Rd5 h6 45. Rxa5 Rc1 46. Ra7+ Kf6 47. Ra6+
Kg7 48. Re6 Rcc2 49. a5 Ra2 50. a6 Kf7 51. Re4+ Kf6 52. Rd4 Ke5 53. Rd8 h5 54.
Rd7 Kf5 55. a7 g4 56. hxg4+ hxg4 57. Rf7+ Kg6 58. Rb7 gxf3 59. gxf3 Kf6 60. Rb6+
Ke5 61. Rb7 Kd6 62. Rh7 Kc5 63. f4 Kb6 64. f5 Rxa7 65. Rxa7 Kxa7 66. f6 Rd2 67.
Ke3 Rd8 68. Nd4 Kb6 69. f7 Rh8 70. Ne6 Rh3+ 71. Ke4 Rh4+ 72. Ke5 Rh5+ 73. Kf6 1-0

[Event "Titled Tue 1st Jul Late"]
[Site "chess.com INT"]
[Date "2025.07.01"]
[Round "8"]
[White "Estrada Nieto, Julian"]
[Black "Williams, Justus"]
[Result "1/2-1/2"]
[WhiteTitle "IM"]
[BlackTitle "IM"]
[WhiteElo "2181"]
[BlackElo "2355"]
[WhiteFideId "5101018"]
[BlackFideId "2049929"]
[EventDate "2025.07.01"]

1. e4 e6 2. d4 d5 3. Nd2 c5 4. exd5 exd5 5. Ngf3 Nc6 6. Bb5 Bd6 7. dxc5 Bxc5 8.
O-O Ne7 9. Nb3 Bd6 10. Re1 O-O 11. Bg5 Qc7 12. Bh4 Nf5 13. Bg3 Nxg3 14. hxg3 Rd8
15. c3 Bg4 16. Bd3 h6 17. Bc2 Ne7 18. Nbd4 a6 19. Qd3 Ng6 20. Nh4 Nf8 21. Nhf5
Bc5 22. Ne3 Bh5 23. Qd2 Bg6 24. Bb3 Qd6 25. Bxd5 Qf6 26. Rad1 Ne6 27. Bxb7 Nxd4
28. cxd4 Rxd4 29. Qc3 Rxd1 30. Nxd1 Bd4 31. Qf3 Rb8 32. Qxf6 Bxf6 33. Bxa6 Bxb2
34. Nxb2 Rxb2 35. Bc4 Kh7 36. Re7 f6 37. a4 Rb4 38. Bb5 Bc2 39. Ra7 Rb1+ 40. Kh2
h5 41. f3 Bd1 42. Bc6 Rb2 43. Be4+ Kh6 44. f4 Bc2 45. Bxc2 Rxc2 46. a5 Ra2 47.
Ra8 Ra1 48. a6 f5 49. a7 Kh7 50. Rf8 Rxa7 51. Rxf5 g6 52. Re5 Ra1 53. g4 hxg4
54. Kg3 Ra2 55. Rg5 Kh6 56. Rxg4 Ra3+ 57. Kh4 Ra2 58. Kg3 Ra5 59. Rh4+ Kg7 60.
Rh1 Ra3+ 61. Kg4 Ra4 62. g3 Rb4 63. Re1 Ra4 64. Re5 Ra3 65. Rd5 Rb3 66. Rc5 Ra3
67. Rb5 Rd3 68. Kh4 Rc3 69. g4 Rc7 70. Kg5 Rd7 71. Re5 Rc7 72. Re6 Rc5+ 73. Re5
Rc7 74. Rd5 Rb7 75. Re5 Rc7 1/2-1/2

[Event "Titled Tue 1st Jul Late"]
[Site "chess.com INT"]
[Date "2025.07.01"]
[Round "8"]
[White "Hadzovic, Amir"]
[Black "Alvir, Aco"]
[Result "1-0"]
[WhiteTitle "FM"]
[BlackTitle "IM"]
[WhiteElo "2354"]
[BlackElo "2239"]
[WhiteFideId "14402300"]
[BlackFideId "14400367"]
[EventDate "2025.07.01"]

1. e4 c5 2. Nc3 d6 3. f4 e6 4. Nf3 Ne7 5. Bb5+ Nbc6 6. O-O a6 7. Bxc6+ Nxc6 8.
d3 Be7 9. Qe1 O-O 10. Qg3 f5 11. Bd2 d5 12. exd5 exd5 13. Ne5 Nd4 14. Rac1 Bf6
15. Qf2 b6 16. Ne2 Nxe2+ 17. Qxe2 Bb7 18. Rce1 d4 19. Qf2 Qd5 20. Re2 Rae8 21.
Rfe1 Re6 22. c4 dxc3 23. Bxc3 Rfe8 24. d4 c4 25. a3 a5 26. Re3 Bd8 27. Qe2 Bc7
28. Rg3 Bxe5 29. dxe5 Rd8 30. h3 Rd7 31. Kh2 g6 32. Qe3 Kf7 33. Re2 Qd3 34. Rd2
Qxe3 35. Rxd7+ Ke8 36. Rxe3 Kxd7 37. Re2 Be4 38. Rd2+ Bd3 39. g4 Kc6 40. Kg3 Kc5
41. Kh4 h6 42. Rd1 Re8 43. Rg1 Ra8 44. Kg3 b5 45. Bd2 b4 46. Be3+ Kd5 47. Rc1
Ke4 48. Bc5 c3 49. bxc3 b3 50. Re1+ Kd5 51. e6 Kc4 52. e7 b2 53. e8=Q Rxe8 54.
Rxe8 b1=Q 55. Bd4 Qe1+ 56. Kf3 Qh1+ 57. Kg3 Qa1 58. Re3 Kb3 59. Kh4 Kc2 60. gxf5
Qg1 61. f6 Qg2 62. f7 Qa8 63. Re8 Qf3 64. f8=Q Qh5+ 65. Kg3 g5 66. fxg5 Qxg5+
67. Kf2 Qd2+ 68. Kg3 Qg5+ 69. Kh2 Be4 70. Rxe4 1-0

[Event "Titled Tue 1st Jul Late"]
[Site "chess.com INT"]
[Date "2025.07.01"]
[Round "8"]
[White "Aakash, G"]
[Black "Tang, Zoey"]
[Result "1-0"]
[WhiteTitle "FM"]
[BlackTitle "FM"]
[WhiteElo "2123"]
[BlackElo "2356"]
[WhiteFideId "25644394"]
[BlackFideId "30952530"]
[EventDate "2025.07.01"]

1. d4 Nf6 2. c4 g6 3. Nc3 d5 4. cxd5 Nxd5 5. e4 Nxc3 6. bxc3 Bg7 7. Be3 c5 8.
Qd2 Qa5 9. Rc1 cxd4 10. cxd4 Qxd2+ 11. Bxd2 O-O 12. Nf3 e6 13. Bb5 Nc6 14. d5
exd5 15. exd5 Nd4 16. Nxd4 Bxd4 17. Bg5 a6 18. Ba4 f6 19. Bf4 Bf5 20. O-O Rac8
21. d6 b5 22. Bb3+ Kg7 23. Rfe1 Rxc1 24. Rxc1 Rd8 25. h3 Be5 26. Bxe5 fxe5 27.
g4 Be4 28. Rc7+ Kf6 29. h4 g5 30. h5 Bg6 31. hxg6 Kxg6 32. d7 Kf6 33. Bc2 e4 34.
Bxe4 Ke7 35. Bf5 Kd6 36. Rc8 Ke7 37. Rxd8 Kxd8 38. f3 h5 39. Kf2 h4 40. Kg2 a5
41. Be6 b4 42. Bf5 Ke7 43. Be4 a4 44. f4 gxf4 45. g5 Kxd7 46. Kf3 Ke6 47. Kxf4
a3 48. Kg4 Ke5 49. Bb1 h3 50. Kxh3 Ke6 51. Kh4 Kf7 52. Kh5 Kg7 53. Bc2 Kg8 54.
Bb3+ Kg7 55. g6 Kh8 56. Kg5 Kg7 57. Bc2 b3 58. Bxb3 Kh8 59. Bc2 Kg7 60. Kh5 Kh8
61. Kh6 Kg8 62. Bb3+ Kf8 63. g7+ Ke7 64. g8=Q Kd6 65. Qe6+ Kc5 66. Qd5+ Kb4 67.
Qc4+ Ka5 68. Qc6 Kb4 69. Bc4 Kc3 70. Qe4 Kb2 71. Qd3 Ka1 72. Qd2 Kb1 73. Bb3 Ka1
74. Qc1# 1-0